000 00435cam a2200169ua 4500
001 5235
008 120306n enk |||gr||||Z||||||eng
040 _cMAIN
082 _a821
100 _aWright, David,
_d1965,
_eEditor,
245 1 1 _aThe mid century english poetry 1940-60
_cby David Wright
250 _a1st.
260 _aHarmondsworth:
_bPenguin books,
_c1965.
300 _a237p:
_c15cm.
653 _aEnglish poetry
942 _cBK
999 _c4417
_d4417